000 00522nam a2200169 a 4500
001 000025837
005 20200930024104.0
008 110223s1982 dr 000 0 spa d
040 _aDO-SdBNP
_bspa
_cBNPHU
082 _axxx
_bG643c
100 1 _aGonzález, Orangel
_914465
245 1 0 _aConsideraciones sociales /
_cOrangel González ; prólogo Gilberto Hernández.
260 _aLa Romana, República Dominicana,
_c1982.
300 _a51 p. ;
_c20 cm.
700 1 _aHernández, Gilberto,
_epról.
_952667
049 _aBNPD
999 _c25329
_d25329